Statistiques concernant Gouvernance mondial depuis 1944 (révise ton bac)

Cliquez ici pour prendre le quiz!

Statistiques générales

  • Ce quiz a été pris 61 fois
    (60 depuis la dernière actualisation)
  • Le résultat moyen est 6 sur 20

Statistiques - réponses

Hint Answer % Correct
Pays communiste accédant à l'économie de marchéChine
75%
Pays admis au G8 remplaçant ainsi le G7Russie
60%
Aide financière apportée par les USA aux européens après la seconde guerre mondialePlan Marshall
58%
Il supplante le G8 car il est considéré comme plus égalitaireG20
51%
Indicateur du développement élaboré par l'une des précédentes institutionsIDH
49%
1995 : le GATT change de nom et devient ....OMC
43%
Mouvement qui prône une autre mondialisationAltermondialisme
34%
Fin de la convertibilité or du dollars et donc du SMI1971
32%
Président américain décidant de la fin de cette convertibilitéNixon
32%
Instauration du GATT1947
28%
Accords signés en 1944 aux USAAccords de Bretton Woods
25%
Système mis en place durant ces accords ayant pour but la stabilité financièreSMI
15%
Conférence tenue par les pays du Sud en 1955Conférence de Bandung
13%
Chocs pétroliers1973 et 1979
11%
Forum créé pendant les années 1970 et regroupant les entreprises et les banquesForum de Davos
11%
Courant économique prôné par FriedmannNéolibéralisme
9%
Nouvelles puissances asiatiques qui s'affirmentNPIA
8%
Institutions de l'ONU visant à aider les pays pauvresCNUCED et PNUD
6%
Institutions économiques créées lors de ces accordsFMI et BIRD
6%
Surnom du G7Groupe de riches
2%

Distribution des résultats

Percentile par nombre de réponses

% des personnes avec chaque résultat

Votre développement - résultats

Vous n’avez pas pris ce quiz depuis la dernière actualisation